| 000 | 01424nam a2200241Ia 4500 | ||
|---|---|---|---|
| 999 |
_c36487 _d36487 |
||
| 001 | 2405 | ||
| 003 | GE_BSU | ||
| 005 | 20210216134527.0 | ||
| 008 | 181216s2008||||ge |||||||||||||| ||geo|| | ||
| 040 | _cGE_BSU | ||
| 041 | _ageo | ||
| 080 | _a34(038) ბ–50 | ||
| 100 |
_aბეჟაშვილი, ლევან _99309 |
||
| 245 |
_aსაქართველოს საკანონმდებლო ტერმინთა ლექსიკონი : _b(2007 წლის 1 სექტემბრის მდგომარეობით) / _cლევან ბეჟაშვილი, თამარ ჩხაიძე, შოთა თარხნიშვილი ; საქ. პარლამენტის იურიდ. საკითხთა კომ-ტი. |
||
| 264 |
_aთბილისი : _b[სიესტა], _c2008. |
||
| 300 |
_a305 გვ.: _b19 სმ. |
||
| 653 | _aსაქართველოს საკანონმდებლო ტერმინთა ლექსიკონი | ||
| 653 | _aსამართალი | ||
| 700 |
_aჩხაიძე, თამარ _eავტორი _977 |
||
| 700 |
_aთარხნიშვილი, შოთა _eავტორი _910125 |
||
| 856 |
_uhttp://dspace.nplg.gov.ge/bitstream/1234/4714/1/Saqartvelos_Sakanonmdeblo_Terminta_Leqsikoni.pdf _yელ.წიგნი. pdf |
||
| 942 |
_cBK _2udc |
||